Strategies for survival and development of Bulgarian small business in the process of joing the European union

Krajiny strednej a východnej Európy, vrátane Bulharska, ktoré sa pripravujú na vstup do Európskej únie, budú musieť čeliť hrozbe, ktorá sa týka budúcnosti ich podnikov. Dôvodom je nízka konkurencieschopnosť väčšiny produktov a služieb v týchto krajinách. Manažéri pôsobiaci v tejto oblasti budú schop...

Full description

Saved in:
Bibliographic Details
Main Author: Zafirova, Tzveta
Format: Book Chapter
Language:English
Subjects:
Tags: Add Tag
No Tags, Be the first to tag this record!

MARC

LEADER 00000naa a2200000 4500
001 r048236
005 20230918082342.5
041 0 |a eng 
044 |a SK 
245 1 0 |a Strategies for survival and development of Bulgarian small business in the process of joing the European union  |c Tzveta Zafirova 
520 |a Krajiny strednej a východnej Európy, vrátane Bulharska, ktoré sa pripravujú na vstup do Európskej únie, budú musieť čeliť hrozbe, ktorá sa týka budúcnosti ich podnikov. Dôvodom je nízka konkurencieschopnosť väčšiny produktov a služieb v týchto krajinách. Manažéri pôsobiaci v tejto oblasti budú schopní uskutočniť strategické zmeny. Jednou z najspoľahlivejších ciest pre bulharské podniky je internacionalizácia. 
610 2 0 |a spolupráca hospodárska medzinárodná 
610 2 0 |a SVE 
610 2 0 |a Bulharsko 
610 2 0 |a Európska únia 
610 2 0 |a internacionalizácia 
610 2 0 |a konkurencia 
100 1 |a Zafirova, Tzveta